| 000 | 01440cam a2200325 i 4500 | ||
|---|---|---|---|
| 003 | SA-RiAUC | ||
| 005 | 20241230141641.0 | ||
| 008 | 241228s1999 su a g b 00000 ara c | ||
| 020 | _a9960359786 | ||
| 040 |
_aSA-RiAUC _bara _cSA-RiAUC _erda |
||
| 043 | _aa-su--- | ||
| 082 | 0 | 4 |
_a953.1 _qSA-RiAUC |
| 090 |
_a953.1 _b ر ا ش |
||
| 100 | 1 |
_aالراشد، عبد الله بن محمد بن فهد _eمؤلف. |
|
| 245 | 1 | 2 |
_aالاستيطان في وادي حنيفة من القرن الأول حتى منتصف القرن التاسع الهجري : _bدراسة أثرية / _cعبد الله بن محمد بن فهد الراشد. |
| 250 | _aالطبعة الأولى. | ||
| 264 | 1 |
_aالرياض : _bعبد الله بن محمد بن فهد الراشد، _c1999 |
|
| 264 | 3 |
_aالرياض : _bمطابع الفرزدق التجارية |
|
| 300 |
_a247 صفحة : _bإيضاحيات ؛ _c24 × 17 سم |
||
| 336 |
_aنص _btxt _2rdacontent _3كتاب |
||
| 337 |
_aبدون وسيط _bn _2rdamedia |
||
| 338 |
_aمجلد _bnc _2rdacarrier |
||
| 500 | _aيشتمل على ملاحق. | ||
| 504 | _aيشتمل على ببليوجرافية. | ||
| 504 | _aببليوجرافية : صفحة 191-207. | ||
| 651 | 7 |
_aوادي حنيفة (السعودية) _xآثار _2aucsh |
|
| 651 | 7 |
_aوادي حنيفة (السعودية) _xتاريخ _2aucsh |
|
| 942 |
_2ddc _cBOOK _n0 |
||
| 949 |
_aSA-JeALM _d241228 _umohamedma123 _n1 |
||
| 999 |
_c4136 _d4136 |
||